000 00919nam a2200265 a 4500
999 _c2383
_d2383
008 200316s2018 ii ad||g m|||a00| 0 eng d
040 _aKO
_beng
041 0 _aeng
044 _aii
082 0 4 _223
_a378.242
_bIRM1744
100 1 _aJabir TN, Muhammad
_eResearcher
245 2 0 _aA Study on Warehouse Management at Emmay Logistics, Ashokapuram, Aluva /
_cMuhammad Jabir TN ; Guide Dr. Jayan P. A.
260 _aKochi :
_bIndian Maritime University,
_c2018
300 _a34 p. :
_bill., charts ;
_c29 cm.
490 0 _aMBA Internship 2017-19 ;
_v1705304014
502 _aInternship (MBA)–Indian Maritime University. School of Maritime Management, 2019.
610 2 0 _a Emmay Logistics, Ashokapuram, Aluva
650 0 _aWarehouses--Management
650 0 _aLogistics
655 7 _2lcsh
_aDissertations, Academic
_y2018
700 1 _aP. A., Jayan
_cDr.
_eGuide
904 _aReshma_R
942 _cTH